00476nam a2200181Ia 4500003000900000008004100009040001300050040001300063041000800076100003200084245005500116250001200171260000800183260000900191300001000200490000600210600007800216IT-RoPAU120407s9999 xx 000 0 und d aIT-RoPAU cIT-RoPAU aita aAlberto Salvatore Panimolle aLettura pastorale del Vangelo di Giovanni. 2a ed.  aBologna aEDB c1984 c24 cm v1 a"1° v. Gv 1,1 - 4,54. 2° v. Gv 5,1 - 10,42 3° v. Gv 11,1 -21,25 "